| 000 | 00794cam a22002294a 4500 | ||
|---|---|---|---|
| 001 | 12759028 | ||
| 005 | 20241118132942.0 | ||
| 008 | 020429s2002 ilua b 000 0 eng | ||
| 020 | _a1589970063 | ||
| 020 |
_a9781589970069 _qBackcover |
||
| 050 | 0 | 0 |
_aBV4526.2 _b.S25 2002 |
| 082 | 0 | 0 |
_a248.4 _221 |
| 100 | 1 | _aSande, Ken. | |
| 245 | 1 | 0 |
_aPeacemaking for families : _ba biblical guide to managing conflict in your home / _cKen Sande with Tom Raabe. |
| 260 |
_aWheaton, Ill. : _bTyndale House Publishers, _cc2002. |
||
| 300 |
_ax, 224 p. : _bill. ; _c23 cm. |
||
| 500 | _aAt head of title: Focus on the Family. Includes bibliography | ||
| 650 | 0 |
_aFamilies _xReligious life. |
|
| 650 | 0 |
_aConflict management _xReligious aspects _xChristianity. |
|
| 700 | 1 | _aRaabe, Tom. | |
| 942 |
_2lcc _cBK _n0 |
||
| 999 |
_c1274 _d1274 |
||